000 00771nam a2200241 a 4500
001 1314
003 BR-CuiBMT
005 20231204232907.0
008 231201s2005 dfba 001 0 por d
040 _aBR-CuiBMT
_cBR-CuiBMT
080 _a94
_x(81).074
_22007
090 _a94(81).074
_bM775p
100 1 _aMonteiro, Tobias,
_d1866-1952
245 1 2 _aO Presidente Campos Sales na Europa /
_cTobias Monteiro.
260 _aBrasília :
_bSenado Federal,
_c2005.
300 _a213 p. :
_bil. ;
_c23 cm
490 1 _aColeção edições do Senado Federal ;
_vv. 40
504 _aInclui bibliografia e índice.
650 _aBrasil
_xHistória
_y1898-1902
650 _aRelações exteriores
_zBrasil
_zEuropa
830 0 _aEdições do Senado Federal ;
_v40
942 _2udc
_cLV
999 _c1314
_d1314